| 000 | 00958nam a22002057a 4500 | ||
|---|---|---|---|
| 999 |
_c13502 _d13502 |
||
| 003 | AR-CdUCM | ||
| 008 | 190415b ||||| |||| 00| 0 spa d | ||
| 040 |
_aMUNICIPALIDAD PROVINCIAL DEL CUSCO _cBIBLIOTECA MUNICIPAL DEL CUSCO |
||
| 082 |
_a340.6 / _bI38 |
||
| 110 |
_aIlustre colegio de abogados del Cusco Madre de Dios y Cotabambas _931948 |
||
| 245 | _aJurisprudencia civil, proceso civil, constitucional, laboral y administrativo / | ||
| 260 |
_aQosqo : _bColegio de abogados, _c1993. |
||
| 300 |
_a242 páginas ; _c21 cm. |
||
| 505 | _aContenido: t.1. Jurisprudencia en materia de derecho civil -- Acto jurídico -- Derecho de familia -- Derecho de sucesiones -- Jurisprudencia en materia de derecho procesal civil -- Jurisprudencia en materia de derecho constitucional ... | ||
| 650 |
_aDerecho civil _97386 |
||
| 650 |
_aDerecho procesal civil _927080 |
||
| 650 |
_aDerecho constitucional _94734 |
||
| 942 |
_2ddc _cLIBROS |
||
| 945 |
_aacv _d2019-04-15 |
||